Statistics for Answers contain "Head"

Click here to take the quiz!

General Stats

  • This quiz has been taken 28,113 times
    (8,056 since last reset)
  • The average score is 15 of 20

Answer Stats

Clue Answer % Correct
Car part that is most useful at nightHeadlight
96%
Migraine, e.g.Headache
95%
Title of a newspaper storyHeadline
95%
Can be spread by children
sharing hats
Head Lice
92%
Brand of dandruff shampooHead & Shoulders
91%
Photo that goes in an actor's resumeHead Shot
89%
Dumbledore's job at HogwartsHeadmaster
88%
Method of diving inHead First
88%
Like the horseman who haunted
Sleepy Hollow
Headless
86%
Toy with removable lips, eyes, etc...Mr. Potato Head
86%
What I would need to beat Usain BoltHead Start
83%
Corporate recruiter
or savage trophy seeker
Headhunter
82%
Item found in a bed in "The Godfather"Horse Head
75%
Common wrestling moveHeadlock
71%
Band led by Thom YorkeRadiohead
66%
Slang for psychologistHead Shrink
63%
Car part that can get "blown"Head Gasket
57%
Television punditTalking Head
47%
Slang for a U.S. MarineJarhead
46%
Ayn Rand novelThe Fountainhead
28%

Score Distribution

Percentile by Number Answered

Percent of People with Each Score

Your Score History

You have not taken this quiz since the last reset